000
00336nam a2200169Ia 4500
100
_a
Doyle/Barbara
650
_a
C#
942
_c
BK
366
_f
25
654
_a
C#
245
_a
Programming in C#
260
_b
Cengage Learning
_c
2008
082
_a
5.133
_b
DOY
300
_a
759
546
_a
ENGLISH
_c
PAMPHALETS
999
_c
19996
_d
19996